| 000 | 00440 a2200145 4500 | ||
|---|---|---|---|
| 999 |
_c7128 _d7128 |
||
| 020 | _a9780567034052 | ||
| 050 | _aBS 2330.2 SHI 2008 | ||
| 100 | _aShillington, George V. | ||
| 245 |
_aThe new testament in context: _ba literary and theological textbook/ _cV. George Shillington |
||
| 264 |
_aLondon: _bT & T Clark, _c2008 |
||
| 300 | _a337p.: | ||
| 500 | _aIncludes index | ||
| 650 |
_aNew Testament _xBible |
||
| 942 |
_2lcc _cBK _h2330.2 _iSHI _kBS |
||